| 000 | 00837nam a2200241 i 4500 | ||
|---|---|---|---|
| 001 | 97398 | ||
| 003 | ES-MaACL | ||
| 005 | 20251011063118.0 | ||
| 007 | t| | ||
| 008 | 050712s1981 sp ||||1| spa d | ||
| 020 | _a84-249-0267-X | ||
| 080 | _a821.134.2 Rojas, Fernando de 7 Celestina. 07 | ||
| 100 | 1 |
_aMaravall, José Antonio, _d1911-1986 _976329 |
|
| 245 | 1 | 3 |
_aEl mundo social de "La Celestina" / _cJosé Antonio Maravall. |
| 250 | _a3ª ed. rev. | ||
| 260 |
_aMadrid : _bGredos, _c1981. |
||
| 300 |
_a186 p. ; _c20 cm. |
||
| 490 | 1 |
_aBiblioteca románica hispánica II. Estudios y ensayos ; _v80 |
|
| 600 | 1 | 4 |
_aRojas, Fernando de, _dca. 1470-1541. _tLa Celestina _999043 |
| 830 | 1 |
_aBiblioteca románica hispánica II. Estudios y ensayos ; _v80 _9178108 |
|
| 852 |
_aES-MaACL _jL-1900 |
||
| 999 |
_c97398 _d97398 |
||